书目信息 |
| 题名: |
经济学专业英语
|
|
| 作者: | 潘丽 , 杨一博 主编 | |
| 分册: | ||
| 出版信息: | 哈尔滨 哈尔滨工业大学出版社 2006.09 |
|
| 页数: | 367页 | |
| 开本: | 21cm | |
| 丛书名: | ||
| 单 册: | ||
| 中图分类: | H31 | |
| 科图分类: | ||
| 主题词: | 经济学--jing ji xue--英语--高等学校--教材 | |
| 电子资源: | ||
| ISBN: | 7-5603-2382-0 | |
| 000 | 00911nam0 2200253 450 | |
| 001 | 012007231609 | |
| 005 | 20070428094557.14 | |
| 010 | @a7-5603-2382-0@dCNY18.80 | |
| 100 | @a20070118d2006 km y0chiy0120 ea | |
| 101 | 0 | @achi@aeng |
| 102 | @aCN@b230000 | |
| 105 | @ay a 000yy | |
| 200 | 1 | @a经济学专业英语@Ajing ji xue zhuan ye ying yu@d= English in Economics@f潘丽, 杨一博主编@Fpan li,yang yi bo zhu bian@zeng |
| 210 | @a哈尔滨@c哈尔滨工业大学出版社@d2006.09 | |
| 215 | @a367页@d21cm | |
| 320 | @a有书目 (第366-367页)。 | |
| 330 | @a本书精选英、美最新出版的教科书、专著和杂志中优秀文章,涵盖了经济学专业的主要内容:经济学导论、微观经济学、宏观经济学等。 | |
| 510 | 1 | @aEnglish in Economics@zeng |
| 606 | 0 | @a经济学@Ajing ji xue@x英语@x高等学校@j教材 |
| 690 | @aH31@v4 | |
| 701 | 0 | @a潘丽@Apan li@4主编 |
| 701 | 0 | @a杨一博@Ayang yi bo@4主编 |
| 801 | 0 | @aCN@c20070428 |
| 905 | @a10447@dH31@eP163 | |
| 经济学专业英语= English in Economics/潘丽, 杨一博主编.-哈尔滨:哈尔滨工业大学出版社,2006.09 |
| 367页;21cm |
| ISBN 7-5603-2382-0:CNY18.80 |
| 本书精选英、美最新出版的教科书、专著和杂志中优秀文章,涵盖了经济学专业的主要内容:经济学导论、微观经济学、宏观经济学等。 |
| ● |
| 相关链接 |
|
|
|
正题名:经济学专业英语
索取号:H31/P163
 
预约/预借
| 序号 | 登录号 | 条形码 | 馆藏地/架位号 | 状态 | 备注 |
| 1 | 235231 | 202352319 | 语言库209/209语言库 85排2列2层/ [索取号:H31/P163] | 在馆 | |
| 2 | 235232 | 202352328 | 语言库209/209语言库 85排2列2层/ [索取号:H31/P163] | 在馆 | |
| 3 | 235233 | 202352337 | 语言库209/209语言库 85排2列2层/ [索取号:H31/P163] | 在馆 |